CRIME AND PUNISHMENT (Record no. 216564)

MARC details
000 -LEADER
fixed length control field 00431nam a22001457a 4500
008 - FIXED-LENGTH DATA ELEMENTS--GENERAL INFORMATION
fixed length control field 260205b |||||||| |||| 00| 0 eng d
020 ## - INTERNATIONAL STANDARD BOOK NUMBER
International Standard Book Number 978-1-84022-430-6
100 ## - MAIN ENTRY--PERSONAL NAME
Personal name DOSTOEVSKY, FYODOR
245 ## - TITLE STATEMENT
Title CRIME AND PUNISHMENT
260 ## - PUBLICATION, DISTRIBUTION, ETC.
Place of publication, distribution, etc. HERTFORDSHIRE
Name of publisher, distributor, etc. WORDSWORTH CLASSICS
Date of publication, distribution, etc. 2000
300 ## - PHYSICAL DESCRIPTION
Extent XL, 485P.
650 ## - SUBJECT ADDED ENTRY
Topical term or geographic name entry element 1. MURDER -FICTION 2, CRIME - FICTION 3. PSYCHOLOGICAL FICTION
942 ## - ADDED ENTRY ELEMENTS (KOHA)
Source of classification or shelving scheme Library of Congress Classification
Koha item type Long Loan Book
Holdings
Withdrawn status Lost status Source of classification or shelving scheme Damaged status Not for loan Collection Home library Current library Shelving location Date acquired Inventory number Total checkouts Full call number Barcode Date last seen Copy number Price effective from Koha item type Date due Date last checked out Total renewals
    Library of Congress Classification     Arts & Social Sciences Kisii University Library Kisii University Library Fiction 02/05/2026 111142   PG 3326 .D67 2000 50931 02/05/2026 1 02/05/2026 Long Loan Book      
    Library of Congress Classification     Arts & Social Sciences Kisii University Library Kisii University Library Fiction 02/05/2026 111143 2 PG 3326 .D67 2000 50939 04/20/2026 2 02/05/2026 Long Loan Book 05/04/2026 04/20/2026  
    Library of Congress Classification     Arts & Social Sciences Kisii University Library Kisii University Library Fiction 02/05/2026 111144 3 PG 3326 .D67 2000 50941 04/28/2026 3 02/05/2026 Long Loan Book   04/08/2026 1
    Library of Congress Classification     Arts & Social Sciences Kisii University Library Kisii University Library Fiction 02/05/2026 111145 2 PG 3326 .D67 2000 50943 04/10/2026 4 02/05/2026 Long Loan Book   03/30/2026